Top 10 French Football Transfer Records - Statistics

General Stats
  • This quiz has been taken 389 times
    136 since last reset
  • The average score is 9 of 10
Answer Stats
Rank Name Joined Left Season Fee % Correct
1 Kylian Mbappé Paris Saint-Germain AS Monaco 18/19 €180.00m
100%
2 Ousmane Dembélé FC Barcelona Borussia Dortmund 17/18 €135.00m
97%
3 Antoine Griezmann FC Barcelona Atlético de Madrid 19/20 €120.00m
96%
4 Paul Pogba Manchester United Juventus FC 16/17 €105.00m
93%
10 Zinédine Zidane Real Madrid Juventus FC 01/02 €77.50m
89%
7 Hugo Ekitiké Liverpool FC Eintracht Frankfurt 25/26 €80.00m
86%
8 Aurélien Tchouaméni Real Madrid AS Monaco 22/23 €80.00m
83%
5 Randal Kolo Muani Paris Saint-Germain Eintracht Frankfurt 23/24 €95.00m
78%
9 Lucas Hernández Bayern Munich Atlético de Madrid 19/20 €80.00m
71%
6 Wesley Fofana Chelsea FC Leicester City 22/23 €80.40m
61%
No matching quizzes found
Score Distribution
Percent of People with Each Score
Percentile by Number Answered
Your Score History
You have not taken this quiz since the last reset